Rozpoznaj postacie z ,,Kiepskich" po opisie - Statystyki

Ogólne statystyki
  • Ten quiz został rozwiązany 70 razy
  • Średni wynik to 16 z 20
Statystyki odpowiedzi
Hint Odpowiedź % Poprawnych
Grubszy sąsiad z piętra wyżej głównego bohatera serialu, bezprawnie okupujący toaletę Arnold Boczek
100%
Sąsiadka Kiepskich, nienawidzi męża z wzajemnością
Helena Paździoch
96%
Żona głównego bohatera, pielęgniarka w szpitalu Halina Kiepska
96%
Doręczał rentę, wezwania i rachunki Kiepskim Edzio Listonosz
94%
Synowa głównego bohatera, systematycznie podkrada jedzenie z domu Kiepskich Jolasia Kiepska
94%
Żona prezesa spółdzielni, nazywana przez niego ,,foką" Krystyna Kozłowska
90%
Córka Kiepskich, nie ma większych perspektyw na życie Mariola Kiepska
90%
Syn Kiepskich, kiedyś wyjechał do USA zarobić dolary Waldek Kiepski
90%
Bezrobotny alkoholik, posyłany przez żonę do ,,pośredniaka" mimo niskiego wykształcenia Ferdek Kiepski
88%
Proboszcz parafii Kiepskich Ksiądz Pączek
87%
Ekspedientka w Sklepie u Stasia Malinowska
85%
Główny bohater serialu podkradał jej rentę, nazywała go ,,kanalią" Babka Kiepska
83%
Przyjaciel głównego bohatera, głównie spożywający z nim alkohol na ,,złomie" Kazimierz Badura
83%
Prezes spółdzielni mieszkaniowej, jeden z przyjaciół głównego bohatera Andrzej Kozłowski
81%
Jeden z sąsiadów Kiepskich, pracuje na bazarze, często wyzywany przez głównego bohatera, m.in. od złodziei Marian Paździoch
77%
Mężczyzna o powszechnie znanym nazwisku, zalecał się do córki Kiepskich Mikołaj Kopernik
71%
Zaginiony syn sąsiada Kiepskich, owoc jego romansu z cyganką, przyjechał z Paragwaju Janusz Paździoch
63%
Fryzjer, mieszka w kamienicy Kiepskich Jan Kobielak
60%
Wulgarny emeryt z osiedla, gorliwy katolik, w jednym z odcinków obwołany królem Polski Tadeusz Kopciński
52%
Sąsiad Kiepskich, z wykształcenia piekarz, walczył w Powstaniu Warszawskim Borysek
40%
Nie znaleziono quizów pasujących do podanych kryteriów
Rozkład punktacji
Procent ludzi z każdym wynikiem
Percentyl według liczby udzielonych odpowiedzi
Twoja historia wyników
Nie rozwiązałeś tego quizu